| 000 | 00620nam a2200133Ia 4500 | ||
|---|---|---|---|
| 008 | 171212s9999 xx 000 0 und d | ||
| 020 | _a9781760461294 | ||
| 245 |
_ceditor Song, Ligang;Garnaut, Ross;Fang, Cai;Johnston, Lauren _aChina's New Sources of Economic Growth _bHuman Capital, Innovation and Technological Change |
||
| 260 |
_bANU E Press _c2017 |
||
| 440 | _aChina Update Series | ||
| 650 | _aEconomic development -- China; Sustainable development -- China; Climatic changes -- Government policy -- China; China -- Economic policy -- 2000 | ||
| 650 | _aEconomics | ||
| 856 | _uhttp://jstor.org/stable/j.ctt1trkk3v | ||
| 999 |
_c351038 _d351038 |
||